000 00467nam a22002057a 4500
003 UA-OsUOA
001 51944
007 ta
008 20080128b un ||||| |||| 00| 0 ukr d
090 _a32
_bД-23
942 _cSA
040 _aUA-OsUOA
_bukr
_cUA-OsUOA
_dUA-OsUOA
245 _aДві жінки й чоловічі ревнощі.
300 _aС.4
955 _a0
041 _aukr
080 _a32
773 0 _w51935
650 7 _a32 Політика
_2UDC
999 _c338036
_d338036